[Event "Titled Tuesday intern op 30th Apr Early"]
[Site "Chess.com INT"]
[Date "2024.04.30"]
[Round "6"]
[White "Miszler, Levente"]
[Black "Eynullayev, Atilla Elshan"]
[Result "1-0"]
[WhiteElo "2273"]
[BlackElo "2265"]
[PlyCount "125"]
[EventDate "2024.04.30"]
[EventType "swiss (blitz)"]
[EventRounds "11"]
[EventCountry "USA"]
[SourceTitle "CB19_2024"]
[SourceDate "2024.05.08"]
[SourceVersion "1"]
[SourceVersionDate "2024.05.08"]
[SourceQuality "1"]

1. Nf3 Nf6 2. c4 e6 3. g3 d5 4. Bg2 Be7 5. 0-0 0-0 6. d4 dxc4 7. Qc2 a6 8. a4 Bd7 9. Ne5 Bc6 10. Nxc6 Nxc6 11. e3 Na5 12. Nd2 c5 13. dxc5 Rc8 14. b4 cxb3 15. Nxb3 Nxb3 16. Qxb3 a5 17. Ba3 Bxc5 18. Bxc5 Rxc5 19. Qxb7 Qd6 20. Rfd1 Qe5 21. Rac1 g6 22. Rxc5 Qxc5 23. Qb5 Qc3 24. h3 Rc8 25. Qa6 Rc4 26. Qb5 Kg7 27. Bf3 Rc5 28. Qb6 Rf5 29. Kg2 Qc2 30. Qd4 e5 31. Qd3 Qxd3 32. Rxd3 e4 33. Bxe4 Nxe4 34. Rd4 Re5 35. f4 Re8 36. Rd5 f5 37. Rxa5 Nc3 38. Kf3 Nd1 39. Re5 Ra8 40. g4 Rxa4 41. gxf5 gxf5 42. Rxf5 Ra3 43. Rg5+ Kf6 44. Re5 Nb2 45. Re4 h6 46. Rb4 Rc3 47. Rxb2 Kg7 48. Rb6 Ra3 49. f5 Ra4 50. e4 Ra3+ 51. Kg4 Ra1 52. e5 Rg1+ 53. Kf4 Rf1+ 54. Ke4 Re1+ 55. Kd5 Rh1 56. Rb7+ Kg8 57. e6 Rxh3 58. f6 Rf3 59. Rb8+ Kh7 60. f7 Kg7 61. Rg8+ Kh7 62. f8Q Rxf8 63. Rxf8 1-0

[Event "Titled Tuesday intern op 30th Apr Early"]
[Site "Chess.com INT"]
[Date "2024.04.30"]
[Round "2"]
[White "Panda, Vedic"]
[Black "Eynullayev, Atilla Elshan"]
[Result "1-0"]
[WhiteElo "2100"]
[BlackElo "2265"]
[PlyCount "65"]
[EventDate "2024.04.30"]
[EventType "swiss (blitz)"]
[EventRounds "11"]
[EventCountry "USA"]
[SourceTitle "CB19_2024"]
[SourceDate "2024.05.08"]
[SourceVersion "1"]
[SourceVersionDate "2024.05.08"]
[SourceQuality "1"]

1. e4 c5 2. Nf3 d6 3. d4 cxd4 4. Nxd4 Nf6 5. Nc3 a6 6. h3 e5 7. Nb3 Be6 8. g4 d5 9. exd5 Nxd5 10. Bg2 Bb4 11. 0-0 Bxc3 12. bxc3 0-0 13. c4 Nb4 14. Ba3 Qb6 15. Qe2 a5 16. c3 N4c6 17. Bxf8 Kxf8 18. Rab1 Qa7 19. Bd5 Nd7 20. Bxe6 fxe6 21. Kh1 Kg8 22. f4 a4 23. Nd2 Rc8 24. Nf3 Qc5 25. Rxb7 Nb6 26. Qe4 Na5 27. Ng5 Nxb7 28. Qxh7+ Kf8 29. fxe5+ Ke8 30. Qxg7 Qc6+ 31. Kh2 Nd7 32. Qg8+ Ke7 33. Rf7# 1-0

[Event "Titled Tuesday intern op 02nd Apr Early"]
[Site "Chess.com INT"]
[Date "2024.04.02"]
[Round "1"]
[White "Eynullayev, Atilla Elshan"]
[Black "Vincenti, Leonardo"]
[Result "1-0"]
[WhiteElo "2265"]
[BlackElo "2209"]
[PlyCount "115"]
[EventDate "2024.04.02"]
[EventType "swiss (blitz)"]
[EventRounds "11"]
[EventCountry "USA"]
[SourceTitle "CB15_2024"]
[SourceDate "2024.04.10"]
[SourceVersion "1"]
[SourceVersionDate "2024.04.10"]
[SourceQuality "1"]

1. e4 e5 2. Nf3 Nf6 3. d4 Nxe4 4. Bd3 d5 5. Nxe5 Bd6 6. Nc3 Nxc3 7. bxc3 Nc6 8. 0-0 0-0 9. Re1 Qf6 10. Qh5 g6 11. Ng4 Bxg4 12. Qxg4 Rfe8 13. Bg5 Qg7 14. Qf3 f5 15. Qxd5+ Qf7 16. Qb5 Rxe1+ 17. Rxe1 Re8 18. Rb1 Kg7 19. Bc4 Qd7 20. g3 h6 21. Bd2 f4 22. Qd5 fxg3 23. hxg3 Rf8 24. Re1 Ne7 25. Qe4 Nf5 26. Be6 Qd8 27. c4 c6 28. d5 Qf6 29. Qf3 c5 30. Bc3 Nd4 31. Qxf6+ Rxf6 32. Re4 Kf8 33. f4 g5 34. f5 Bxg3 35. Kg2 Bd6 36. Rxd4 cxd4 37. Bxd4 Rxe6 38. fxe6 b6 39. Bf6 g4 40. c3 h5 41. Bg5 Kg7 42. a4 Kg6 43. Be3 Kf6 44. a5 bxa5 45. c5 Be5 46. Bd4 a4 47. Bxe5+ Ke7 48. Bd6+ Kf6 49. e7 Kf7 50. c6 a3 51. Bxa3 h4 52. c7 h3+ 53. Kg3 Kf6 54. e8Q Kf5 55. Qe6+ Kg5 56. Be7+ Kh5 57. Qf5+ Kh6 58. Bf8# 1-0

[Event "Titled Tuesday intern op 12th Mar Early"]
[Site "Chess.com INT"]
[Date "2024.03.12"]
[Round "9"]
[White "Shubenkova, Veronika"]
[Black "Eynullayev, Atilla Elshan"]
[Result "1-0"]
[WhiteElo "2007"]
[BlackElo "2265"]
[PlyCount "119"]
[EventDate "2024.03.12"]
[EventType "swiss (blitz)"]
[EventRounds "11"]
[EventCountry "USA"]
[SourceTitle "CB12_2024"]
[SourceDate "2023.10.01"]
[SourceVersion "1"]
[SourceVersionDate "2023.10.01"]
[SourceQuality "1"]

1. d4 d5 2. e3 c5 3. f4 Nc6 4. Nf3 Nf6 5. c3 Bf5 6. Bd3 Bxd3 7. Qxd3 e6 8. 0-0 Ne4 9. Nbd2 f5 10. Ne5 Be7 11. Nxe4 fxe4 12. Qb5 Qb6 13. Qe2 Bf6 14. b3 Qa5 15. Bd2 Qc7 16. Qg4 Qe7 17. Be1 0-0 18. Bg3 Qe8 19. h4 Bxe5 20. fxe5 Qg6 21. Qh3 h5 22. Bf4 Ne7 23. Bg5 Nf5 24. dxc5 Rac8 25. b4 b6 26. a4 bxc5 27. b5 Rf7 28. Rf4 Rcf8 29. Raf1 Kh7 30. g4 hxg4 31. Rxg4 Nh6 32. Rgf4 Rxf4 33. exf4 Qh5 34. Qxe6 Ng4 35. Qxd5 e3 36. Qe4+ Kh8 37. e6 Re8 38. e7 e2 39. Qxe2 c4 40. Rd1 Kh7 41. Rd8 Qg6 42. Qxg4 Qb1+ 43. Rd1 Qg6 44. f5 Qb6+ 45. Kh1 Qb7+ 46. Qg2 Qc7 47. Rd8 Qe5 48. Rxe8 Qe1+ 49. Kh2 Qe5+ 50. Kg1 Qe1+ 51. Qf1 Qg3+ 52. Kh1 Qg4 53. Rh8+ Kxh8 54. e8Q+ Kh7 55. Qg6+ Kh8 56. Qe8+ Kh7 57. Qee2 Qg3 58. Qh5+ Kg8 59. Qxc4+ Kf8 60. Qcf7# 1-0

[Event "Titled Tuesday intern op 13th Feb Early"]
[Site "Chess.com INT"]
[Date "2024.02.13"]
[Round "11"]
[White "Eynullayev, Atilla Elshan"]
[Black "Henriquez Villagra, Cristobal"]
[Result "1/2-1/2"]
[WhiteElo "2265"]
[BlackElo "2591"]
[PlyCount "163"]
[EventDate "2024.02.13"]
[EventType "swiss (blitz)"]
[EventRounds "11"]
[EventCountry "USA"]
[SourceTitle "CB08_2024"]
[SourceDate "2024.02.21"]
[SourceVersion "1"]
[SourceVersionDate "2024.02.21"]
[SourceQuality "1"]

1. e4 Nc6 2. Nf3 d6 3. d4 g6 4. Bc4 Bg7 5. c3 Nf6 6. Nbd2 0-0 7. 0-0 Nxe4 8. Nxe4 d5 9. Bd3 dxe4 10. Bxe4 Qd6 11. Re1 Bd7 12. Be3 Rae8 13. Qd2 e5 14. dxe5 Qxd2 15. Bxd2 Nxe5 16. Nxe5 Rxe5 17. Bf4 Rc5 18. Bxb7 Rb8 19. Rad1 Be6 20. a3 g5 21. Be3 Rb5 22. Bc6 Rxb2 23. Bxa7 Rc8 24. Bd4 Bxd4 25. Rxd4 Rb3 26. Bd5 Rxc3 27. Bxe6 fxe6 28. h3 Kf7 29. Rd7+ Kf6 30. Rxh7 Re8 31. a4 c5 32. a5 Ra3 33. Ra7 c4 34. Rc1 c3 35. Rc7 Rxa5 36. R7xc3 Rd8 37. Re1 Rf5 38. Rce3 Rd6 39. f3 Kg6 40. Kh2 Kf6 41. Kg3 Rfd5 42. Re4 Rd2 43. h4 gxh4+ 44. Rxh4 Rc2 45. Rg4 Rdd2 46. Kh3 Rd5 47. Kg3 Rdd2 48. Kh3 Rd5 49. Rg1 Rh5+ 50. Kg3 Re5 51. Rf4+ Kg6 52. Re4 Rg5+ 53. Kh3 Kf5 54. Rg4 Rxg4 55. fxg4+ Kg5 56. Re1 Rc6 57. g3 Kf6 58. Kh4 e5 59. Rf1+ Kg6 60. Re1 Re6 61. g5 Kf5 62. Rf1+ Kg6 63. Kg4 e4 64. Re1 e3 65. Kf3 Kxg5 66. Rxe3 Rxe3+ 67. Kxe3 Kg4 68. Kf2 Kg5 69. Kg2 Kg4 70. Kf2 Kg5 71. Kf3 Kf5 72. g4+ Kg5 73. Kg3 Kg6 74. Kf4 Kf6 75. g5+ Kg6 76. Kg4 Kg7 77. Kf5 Kf7 78. g6+ Kg7 79. Kg5 Kg8 80. Kf6 Kf8 81. g7+ Kg8 82. Kg6 1/2-1/2

[Event "Titled Tuesday intern op 13th Feb Early"]
[Site "Chess.com INT"]
[Date "2024.02.13"]
[Round "5"]
[White "Klimchuk, Andriy"]
[Black "Eynullayev, Atilla Elshan"]
[Result "0-1"]
[WhiteElo "2405"]
[BlackElo "2265"]
[PlyCount "132"]
[EventDate "2024.02.13"]
[EventType "swiss (blitz)"]
[EventRounds "11"]
[EventCountry "USA"]
[SourceTitle "CB08_2024"]
[SourceDate "2024.02.21"]
[SourceVersion "1"]
[SourceVersionDate "2024.02.21"]
[SourceQuality "1"]

1. e4 c5 2. d4 cxd4 3. Qxd4 Nc6 4. Qd3 g6 5. Nc3 Bg7 6. Nf3 d6 7. Be2 Nf6 8. 0-0 0-0 9. Nd5 Nd7 10. c3 Nc5 11. Qc2 Bg4 12. h3 Bxf3 13. Bxf3 e6 14. Ne3 Qe7 15. Rd1 Rac8 16. Be2 Rfd8 17. Ng4 h5 18. Nh2 Qh4 19. Bd3 Ne5 20. Nf3 Nxf3+ 21. gxf3 Qxh3 22. Be2 Qh4 23. f4 Bh6 24. f5 Nxe4 25. Bf3 Ng5 26. Bxb7 Rc4 27. fxg6 Qh3 28. gxf7+ Kxf7 29. f4 Rg8 30. fxg5 Rg4+ 31. Bg2 Bxg5 32. Qh7+ Rg7 33. Rf1+ Bf6 34. Qxg7+ Kxg7 35. Rf2 Be5 36. Kf1 Qd3+ 37. Re2 Qd1+ 38. Re1 Qd3+ 39. Kg1 Bh2+ 40. Kh1 Rxg2 41. Kxg2 Qg3+ 42. Kh1 Qxe1+ 43. Kxh2 Qf2+ 44. Kh3 Qf1+ 45. Kg3 Kg6 46. b3 Qg1+ 47. Kf3 h4 48. Bb2 Qg3+ 49. Ke4 h3 50. c4 h2 51. Bd4 h1Q+ 52. Rxh1 Qg2+ 53. Kd3 Qxh1 54. Bxa7 Qd1+ 55. Kc3 Kf5 56. a4 e5 57. a5 e4 58. a6 Qa1+ 59. Kb4 Qxa6 60. Be3 Qb7+ 61. Kc3 Kg4 62. b4 Kf3 63. Bd4 e3 64. Bxe3 Kxe3 65. b5 Qb6 66. Kb4 Kd4 0-1

[Event "Titled Tuesday intern op 06th Feb Early"]
[Site "Chess.com INT"]
[Date "2024.02.06"]
[Round "10"]
[White "Dwilewicz, Katarzyna"]
[Black "Eynullayev, Atilla Elshan"]
[Result "0-1"]
[WhiteElo "2113"]
[BlackElo "2265"]
[PlyCount "54"]
[EventDate "2024.02.06"]
[EventType "swiss (blitz)"]
[EventRounds "11"]
[EventCountry "USA"]
[SourceTitle "CB07_2024"]
[SourceDate "2024.02.14"]
[SourceVersion "1"]
[SourceVersionDate "2024.02.14"]
[SourceQuality "1"]

1. e4 c5 2. c3 d5 3. exd5 Qxd5 4. d4 Nc6 5. Nf3 Bf5 6. Be3 cxd4 7. Nxd4 0-0-0 8. Nd2 Nxd4 9. Bxd4 e5 10. Be3 Nf6 11. Qb3 Qxb3 12. axb3 a6 13. f3 Nd5 14. Bf2 f6 15. 0-0-0 Nxc3 16. Re1 Na2+ 17. Kd1 Bb4 18. Be3 Rd6 19. g4 Rhd8 20. Re2 Be6 21. Kc2 Bxd2 22. Bxd2 Rc6+ 23. Bc3 Nb4+ 24. Kc1 Bxb3 25. Rd2 Na2+ 26. Kb1 Nxc3+ 27. bxc3 Rxd2 0-1

[Event "Titled Tuesday intern op 06th Feb Early"]
[Site "Chess.com INT"]
[Date "2024.02.06"]
[Round "2"]
[White "Szczepanek, Radoslaw"]
[Black "Eynullayev, Atilla Elshan"]
[Result "1-0"]
[WhiteElo "2205"]
[BlackElo "2265"]
[PlyCount "59"]
[EventDate "2024.02.06"]
[EventType "swiss (blitz)"]
[EventRounds "11"]
[EventCountry "USA"]
[SourceTitle "CB07_2024"]
[SourceDate "2024.02.14"]
[SourceVersion "1"]
[SourceVersionDate "2024.02.14"]
[SourceQuality "1"]

1. e4 c5 2. Nc3 d6 3. d4 cxd4 4. Qxd4 Nc6 5. Qd2 f5 6. Nf3 Nf6 7. Bc4 fxe4 8. Ng5 Ne5 9. Bb3 Bf5 10. 0-0 h6 11. Ne6 Qd7 12. Nd4 g6 13. Qe2 Bg7 14. Bf4 Nc6 15. Ncb5 e5 16. Nxf5 gxf5 17. Rad1 exf4 18. Rxd6 Qc8 19. Rxf6 Bxf6 20. Qh5+ Kd8 21. Rd1+ Bd4 22. Qh4+ Kd7 23. Nxd4 Kc7 24. Ne6+ Kb6 25. Qxf4 a5 26. Qe3+ Ka6 27. Nc5+ Kb5 28. a4+ Kb6 29. Nd7+ Kc7 30. Qb6# 1-0

[Event "Titled Tuesday intern op 16th Jan Early"]
[Site "Chess.com INT"]
[Date "2024.01.16"]
[Round "9"]
[White "Eynullayev, Atilla Elshan"]
[Black "Hambleton, Aman"]
[Result "0-1"]
[WhiteElo "2265"]
[BlackElo "2420"]
[PlyCount "66"]
[EventDate "2024.01.16"]
[EventType "swiss (blitz)"]
[EventRounds "11"]
[EventCountry "USA"]
[SourceTitle "CB04_2024"]
[SourceDate "2023.10.16"]
[SourceVersion "1"]
[SourceVersionDate "2023.10.16"]
[SourceQuality "1"]

1. d4 e5 2. dxe5 Nc6 3. Nf3 Qe7 4. g3 Nxe5 5. Bg2 Nxf3+ 6. Bxf3 Nf6 7. 0-0 g6 8. Nc3 Bg7 9. Bg5 h6 10. Nd5 Qd8 11. Nxf6+ Bxf6 12. Bxf6 Qxf6 13. c3 0-0 14. Qd2 Kg7 15. Rad1 d6 16. Rfe1 Re8 17. Qd4 a5 18. Qxf6+ Kxf6 19. Rd4 Ra6 20. Red1 Rb6 21. R1d2 Re5 22. Kg2 Be6 23. Ra4 Reb5 24. b3 Rc5 25. Rf4+ Ke7 26. c4 a4 27. Rd3 g5 28. Re4 axb3 29. axb3 g4 30. Rxg4 Bxg4 31. Bxg4 Ra5 32. Re3+ Kf8 33. Bf5 Rxf5 0-1

[Event "Titled Tuesday intern op 16th Jan Early"]
[Site "Chess.com INT"]
[Date "2024.01.16"]
[Round "6"]
[White "Eynullayev, Atilla Elshan"]
[Black "Rozman, Levy"]
[Result "0-1"]
[WhiteElo "2265"]
[BlackElo "2322"]
[PlyCount "70"]
[EventDate "2024.01.16"]
[EventType "swiss (blitz)"]
[EventRounds "11"]
[EventCountry "USA"]
[SourceTitle "CB04_2024"]
[SourceDate "2023.10.16"]
[SourceVersion "1"]
[SourceVersionDate "2023.10.16"]
[SourceQuality "1"]

1. d4 d5 2. c4 dxc4 3. Nf3 Nf6 4. e3 Bg4 5. h3 Bh5 6. g4 Bg6 7. Ne5 e6 8. Bxc4 Be4 9. f3 Bd5 10. Be2 Nfd7 11. Nd3 c5 12. e4 Bc6 13. Be3 cxd4 14. Bxd4 Bd6 15. Bxg7 Bg3+ 16. Kf1 Rg8 17. Bd4 Na6 18. Nc3 Qe7 19. Rg1 Bh4 20. Qc2 f5 21. exf5 exf5 22. Bf2 0-0-0 23. Nb5 Kb8 24. Nxa7 Bd5 25. Nb5 Bxf2 26. Nxf2 fxg4 27. hxg4 Rgf8 28. Qd3 Ne5 29. Qd4 Nc5 30. b4 Bxf3 31. Qxc5 Bxe2+ 32. Kxe2 Rxf2+ 33. Kxf2 Nd3+ 34. Kg2 Nxc5 35. bxc5 Qe2+ 0-1

[Event "Titled Tuesday intern op 16th Jan Early"]
[Site "Chess.com INT"]
[Date "2024.01.16"]
[Round "3"]
[White "Klukin, Kirill"]
[Black "Eynullayev, Atilla Elshan"]
[Result "1-0"]
[WhiteElo "2390"]
[BlackElo "2265"]
[PlyCount "67"]
[EventDate "2024.01.16"]
[EventType "swiss (blitz)"]
[EventRounds "11"]
[EventCountry "USA"]
[SourceTitle "CB04_2024"]
[SourceDate "2023.10.16"]
[SourceVersion "1"]
[SourceVersionDate "2023.10.16"]
[SourceQuality "1"]

1. c4 c6 2. g3 Nf6 3. Bg2 e5 4. d4 exd4 5. Qxd4 Na6 6. Nf3 Bc5 7. Qe5+ Qe7 8. Qxe7+ Bxe7 9. a3 d5 10. cxd5 Nxd5 11. e4 Nb6 12. b4 Nc7 13. Bb2 0-0 14. 0-0 Na4 15. Be5 Nb5 16. Nbd2 Be6 17. Rfc1 Rfd8 18. Nc4 g5 19. Na5 f6 20. Nxb7 Rd7 21. Rxc6 Rxb7 22. Rxe6 fxe5 23. Nxe5 Nd4 24. Ra6 Nb6 25. Rd1 Rd8 26. Kh1 Bf6 27. Ng4 Be7 28. Ne3 Ne6 29. Nd5 Rd6 30. Nxe7+ Rxe7 31. Rxd6 Nc7 32. Rxa7 Nc4 33. Rc6 Rd7 34. Raxc7 1-0

[Event "Titled Tuesday intern op 26th Sep Early"]
[Site "Chess.com INT"]
[Date "2023.09.26"]
[Round "4"]
[White "Eynullayev, Atilla Elshan"]
[Black "Volkov, Maksim"]
[Result "1-0"]
[WhiteElo "2265"]
[BlackElo "2260"]
[PlyCount "75"]
[EventDate "2023.09.26"]
[EventType "swiss (blitz)"]
[EventRounds "11"]
[EventCountry "USA"]
[SourceTitle "EXT 2024"]
[Source "ChessBase"]
[SourceDate "2023.10.10"]
[SourceVersion "1"]
[SourceVersionDate "2023.10.10"]
[SourceQuality "1"]

1. d4 d5 2. c4 e6 3. Nc3 c6 4. Nf3 dxc4 5. g3 b5 6. Bg2 Bb7 7. 0-0 Nd7 8. e4 Ngf6 9. e5 Nd5 10. Ng5 Be7 11. Nce4 h6 12. Qh5 0-0 13. Nf3 f5 14. exf6 N7xf6 15. Qe5 Qd7 16. Nc5 Bxc5 17. dxc5 Rae8 18. h3 Qe7 19. Be3 Nxe3 20. Qxe3 Nd5 21. Qe4 Qxc5 22. Ne5 Rf5 23. Rae1 Nf6 24. Qe2 Qd6 25. f4 Nd5 26. Be4 Rf6 27. Rd1 c5 28. Kh2 Ref8 29. Ng4 R6f7 30. Bg6 Rc7 31. Ne5 Qe7 32. Be4 Qf6 33. Rde1 Re7 34. Bg2 Qf5 35. Ng4 Qd3 36. Qf2 Ref7 37. Be4 Qd4 38. Qf3 1-0

[Event "AI Cup Play In"]
[Site "Chess.com INT"]
[Date "2023.09.18"]
[Round "1"]
[White "Beerdsen, Thomas"]
[Black "Eynullayev, Atilla Elshan"]
[Result "1-0"]
[WhiteElo "2511"]
[BlackElo "2265"]
[PlyCount "125"]
[EventDate "2023.09.18"]
[EventType "swiss (rapid)"]
[EventRounds "9"]
[EventCountry "USA"]
[SourceTitle "EXT 2024"]
[Source "ChessBase"]
[SourceDate "2023.10.10"]
[SourceVersion "1"]
[SourceVersionDate "2023.10.10"]
[SourceQuality "1"]

1. e4 c5 2. Nf3 e6 3. d4 cxd4 4. Bg5 Qa5+ 5. c3 Nc6 6. Bd3 Nf6 7. 0-0 dxc3 8. Nxc3 Be7 9. a3 d6 10. b4 Qd8 11. Qe2 0-0 12. Rfd1 h6 13. Bc1 e5 14. h3 Be6 15. Bb2 a6 16. Rd2 Qb6 17. Kh2 Rad8 18. Rad1 Qc7 19. Qe3 d5 20. exd5 Bxd5 21. Kg1 Bb3 22. Re1 Rfe8 23. Nh4 e4 24. Nxe4 Nd5 25. Nf6+ Nxf6 26. Bxf6 Bf8 27. Bxd8 Rxe3 28. Bxc7 Rxe1+ 29. Kh2 Rd1 30. Rxd1 Bxd1 31. Nf5 Ba4 32. Nd6 b5 33. Nb7 Nd4 34. Nc5 Bc2 35. Bf1 Bxc5 36. bxc5 Be4 37. Be5 Nc6 38. Bb2 f6 39. Kg3 Kf7 40. a4 bxa4 41. Bxa6 Ke6 42. Bc4+ Bd5 43. Bb5 Nb4 44. Bxa4 Nd3 45. Bd4 Nb4 46. f3 Bc6 47. Bb3+ Bd5 48. Bd1 Kf5 49. Kf2 Nd3+ 50. Ke3 Nb4 51. g4+ Ke6 52. f4 Bg2 53. Bb3+ Nd5+ 54. Kf2 Bxh3 55. f5+ Kd7 56. Bxd5 Bxg4 57. Be4 Bd1 58. c6+ Kc7 59. Be3 Ba4 60. Bf4+ Kc8 61. Ke3 Kd8 62. Kd4 Kc8 63. Kc5 1-0

[Event "AI Cup Play In"]
[Site "Chess.com INT"]
[Date "2023.09.18"]
[Round "9"]
[White "Eynullayev, Atilla Elshan"]
[Black "Dreev, Alexey"]
[Result "0-1"]
[WhiteElo "2265"]
[BlackElo "2606"]
[PlyCount "84"]
[EventDate "2023.09.18"]
[EventType "swiss (rapid)"]
[EventRounds "9"]
[EventCountry "USA"]
[SourceTitle "EXT 2024"]
[Source "ChessBase"]
[SourceDate "2023.10.10"]
[SourceVersion "1"]
[SourceVersionDate "2023.10.10"]
[SourceQuality "1"]

1. e4 c6 2. d4 d5 3. e5 c5 4. dxc5 e6 5. a3 Bxc5 6. Nf3 Nc6 7. Bd3 f6 8. b4 Be7 9. Bb2 Nh6 10. b5 Nxe5 11. Nxe5 fxe5 12. Bxe5 Bf6 13. f4 0-0 14. 0-0 Bxe5 15. fxe5 Qb6+ 16. Kh1 Rxf1+ 17. Qxf1 Ng4 18. h3 Nxe5 19. Nd2 Bd7 20. a4 Qd4 21. Nb3 Qb4 22. Qe2 Nxd3 23. Qxd3 Rc8 24. Qg3 Qc3 25. Qd6 Qc7 26. Qe7 Re8 27. Qb4 e5 28. Rf1 Be6 29. Nc5 Bf7 30. Nd3 h6 31. Qg4 Qe7 32. Qf5 e4 33. Ne5 Be6 34. Qg6 Rd8 35. Qh5 Rf8 36. Rxf8+ Qxf8 37. Kh2 d4 38. Kg1 Qf5 39. Qe8+ Kh7 40. Ng4 e3 41. Qb8 e2 42. Qg3 Qf1+ 0-1

[Event "Speed Chess Q2 Sw"]
[Site "Chess.com INT"]
[Date "2023.08.23"]
[Round "3"]
[White "Albertini, Luca"]
[Black "Eynullayev, Atilla Elshan"]
[Result "0-1"]
[WhiteElo "2103"]
[BlackElo "2265"]
[PlyCount "72"]
[EventDate "2023.08.23"]
[EventType "swiss (blitz)"]
[EventRounds "14"]
[EventCountry "USA"]
[SourceTitle "CBM 215 Extra"]
[Source "ChessBase"]
[SourceDate "2023.09.30"]
[SourceVersion "1"]
[SourceVersionDate "2023.09.30"]
[SourceQuality "1"]

1. d4 Nf6 2. c4 e6 3. Nc3 Bb4 4. Bg5 c5 5. a3 Bxc3+ 6. bxc3 Qa5 7. Bd2 Ne4 8. Qc2 Nxd2 9. Qxd2 d6 10. Nf3 Nc6 11. e3 0-0 12. Bd3 b6 13. 0-0 Ba6 14. Rfb1 Qa4 15. Qe2 h6 16. Nd2 Rad8 17. Rb2 d5 18. Bc2 Qa5 19. Rc1 f5 20. g4 Qxc3 21. Rb3 Qa5 22. gxf5 exf5 23. dxc5 Ne5 24. Bd3 Nxd3 25. Rxd3 Qxc5 26. Nb3 Qxa3 27. Qc2 Bxc4 28. Rc3 a5 29. Nd4 Qd6 30. Nxf5 Qf6 31. Ng3 Qg5 32. e4 h5 33. exd5 Bxd5 34. Qe2 h4 35. Qh5 Qf4 36. Rc7 Qxf2# 0-1

[Event "Speed Chess Q2 Sw"]
[Site "Chess.com INT"]
[Date "2023.08.23"]
[Round "13"]
[White "Djordjevic, Vuk D"]
[Black "Eynullayev, Atilla Elshan"]
[Result "1-0"]
[WhiteElo "2373"]
[BlackElo "2265"]
[PlyCount "105"]
[EventDate "2023.08.23"]
[EventType "swiss (blitz)"]
[EventRounds "14"]
[EventCountry "USA"]
[SourceTitle "CBM 215 Extra"]
[Source "ChessBase"]
[SourceDate "2023.09.30"]
[SourceVersion "1"]
[SourceVersionDate "2023.09.30"]
[SourceQuality "1"]

1. d4 Nf6 2. Bg5 d5 3. Bxf6 gxf6 4. e3 c5 5. c4 dxc4 6. Bxc4 cxd4 7. exd4 Bg7 8. Nf3 0-0 9. 0-0 Nc6 10. Nc3 f5 11. d5 Ne5 12. Bb3 Qd6 13. Re1 Bd7 14. Nd4 Ng4 15. g3 Qb6 16. Nce2 Bb5 17. h3 Nxf2 18. Kxf2 Bxe2 19. Rxe2 Bxd4+ 20. Kg2 Bf6 21. Qd3 Kh8 22. Qxf5 Rg8 23. Rf1 Rg5 24. Qf4 Rag8 25. Rf3 R8g6 26. d6 Qxd6 27. Qxd6 exd6 28. Bxf7 Rh6 29. h4 Re5 30. Rd2 Be7 31. Bd5 b6 32. Ra3 a5 33. Rb3 Bd8 34. Rc3 Rf6 35. Rc8 Rf8 36. Bb3 Be7 37. Rc7 b5 38. Bc2 a4 39. g4 Rg8 40. Kf3 Rf8+ 41. Bf5 h5 42. Kg3 hxg4 43. Bxg4 Re3+ 44. Kg2 Bf6 45. Rxd6 Bg7 46. Rd5 Bf6 47. Rh5+ Kg8 48. Rh6 Bg7 49. Be6+ Rxe6 50. Rxe6 Bxb2 51. Rg6+ Kh8 52. Rc5 b4 53. Rh5# 1-0

[Event "Speed Chess Q2 Sw"]
[Site "Chess.com INT"]
[Date "2023.08.23"]
[Round "10"]
[White "Eynullayev, Atilla Elshan"]
[Black "Hajiyev, Kanan"]
[Result "1-0"]
[WhiteElo "2265"]
[BlackElo "2109"]
[PlyCount "143"]
[EventDate "2023.08.23"]
[EventType "swiss (blitz)"]
[EventRounds "14"]
[EventCountry "USA"]
[SourceTitle "CBM 215 Extra"]
[Source "ChessBase"]
[SourceDate "2023.09.30"]
[SourceVersion "1"]
[SourceVersionDate "2023.09.30"]
[SourceQuality "1"]

1. d4 Nf6 2. Bf4 c5 3. e3 cxd4 4. exd4 d5 5. c3 Nc6 6. Nd2 Bg4 7. Qb3 Qb6 8. Qxb6 axb6 9. Bd3 e6 10. h3 Bh5 11. Ne2 Bg6 12. Bxg6 hxg6 13. Nc1 Kd7 14. Nd3 Bd6 15. Bxd6 Kxd6 16. 0-0 Ne4 17. Nf3 g5 18. Rfe1 f6 19. Nh2 Na5 20. Re2 Nc4 21. a3 Na5 22. Rae1 Rhe8 23. Nf1 Kd7 24. Ne3 Rac8 25. Nb4 Nc6 26. Nbxd5 exd5 27. Nxd5 Nd6 28. Nxb6+ Kc7 29. Nxc8 Rxe2 30. Rxe2 Kxc8 31. Kf1 Kd7 32. Ke1 Nc4 33. Kd1 Ne7 34. a4 Nd5 35. Kc2 Nf4 36. Re1 Nxg2 37. Rh1 Nd6 38. b4 Ne4 39. Rf1 Nf4 40. a5 Nxh3 41. f3 Nd6 42. Kb3 Nf5 43. Rd1 Ne3 44. Rd3 Nd5 45. c4 Nhf4 46. Rd2 Ne3 47. b5 g4 48. fxg4 Nxg4 49. d5 Ne3 50. a6 bxa6 51. bxa6 Kc8 52. d6 Ne6 53. d7+ Kc7 54. a7 Kb7 55. d8Q Nxd8 56. Rxd8 Kxa7 57. Rd7+ Kb6 58. Rxg7 Kc5 59. Rc7+ Kd6 60. Rf7 Ke6 61. Rf8 f5 62. Kb4 Ng4 63. c5 Ne5 64. Kb5 Nd7 65. Rh8 f4 66. c6 Nf6 67. c7 Ne4 68. Kc6 Ke5 69. c8Q f3 70. Re8+ Kd4 71. Qe6 Ng5 72. Qe3+ 1-0

[Event "Speed Chess Q2 Sw"]
[Site "Chess.com INT"]
[Date "2023.08.23"]
[Round "12"]
[White "Eynullayev, Atilla Elshan"]
[Black "Seder, Mohamad"]
[Result "1-0"]
[WhiteElo "2265"]
[BlackElo "2077"]
[PlyCount "37"]
[EventDate "2023.08.23"]
[EventType "swiss (blitz)"]
[EventRounds "14"]
[EventCountry "USA"]
[SourceTitle "CBM 215 Extra"]
[Source "ChessBase"]
[SourceDate "2023.09.30"]
[SourceVersion "1"]
[SourceVersionDate "2023.09.30"]
[SourceQuality "1"]

1. d4 Nf6 2. Bf4 d5 3. e3 c5 4. Nf3 Nc6 5. Nbd2 Qb6 6. dxc5 Qxb2 7. Rb1 Qc3 8. Bb5 e6 9. 0-0 Be7 10. Ne5 Bd7 11. Nd3 0-0 12. Nb3 e5 13. Bxc6 exf4 14. Bxd7 Nxd7 15. Nxf4 Nxc5 16. Nxd5 Qe5 17. Qd4 Bd6 18. Qxe5 Bxe5 19. Nxc5 1-0

[Event "Speed Chess Q2 Sw"]
[Site "Chess.com INT"]
[Date "2023.08.23"]
[Round "9"]
[White "Han, Yichen"]
[Black "Eynullayev, Atilla Elshan"]
[Result "1-0"]
[WhiteElo "2413"]
[BlackElo "2265"]
[PlyCount "59"]
[EventDate "2023.08.23"]
[EventType "swiss (blitz)"]
[EventRounds "14"]
[EventCountry "USA"]
[SourceTitle "CBM 215 Extra"]
[Source "ChessBase"]
[SourceDate "2023.09.30"]
[SourceVersion "1"]
[SourceVersionDate "2023.09.30"]
[SourceQuality "1"]

1. d4 Nf6 2. Nf3 d5 3. Bf4 c5 4. e3 Nc6 5. Nbd2 e6 6. c3 cxd4 7. exd4 Nh5 8. Bg5 f6 9. Be3 Bd6 10. Bd3 g6 11. g3 0-0 12. Qe2 Bd7 13. h4 e5 14. dxe5 fxe5 15. Bg5 Qb6 16. 0-0-0 Bg4 17. Bc2 e4 18. Bxe4 dxe4 19. Qxe4 Bxf3 20. Nxf3 Qc7 21. Rhe1 Qf7 22. Bh6 Rfe8 23. Qd3 Rxe1 24. Rxe1 Rd8 25. Ng5 Qxa2 26. Qxd6 Qa1+ 27. Kc2 Qa4+ 28. Kb1 Qd1+ 29. Rxd1 Rxd6 30. Rxd6 1-0